| 000 | 00706nam a22001337a 4500 | ||
|---|---|---|---|
| 008 | 110608t xxu||||| |||| 00| 0 eng d | ||
| 010 | _aSCCAF-13 | ||
| 245 | _aSupreme Court Civil Appeal No.32/95 In the matters of Ayub Suleiman Vs In the matter of Salim Kabambalo Arising from H.C. suit No. 1388 of 1986 | ||
| 260 | _c1995 | ||
| 500 | _aCORAM: Tsekooko JSC, Kanyeihamba JSC, Mukasa Kikonyogo JSC. | ||
| 500 | _aAppeal of ruling and orders of High Court of Uganda at Kampala A.O.Ouma J dated 27/February in civil suit No. 1388 of1996 | ||
| 999 |
_c2498 _d2498 |
||